000 00812nam a2200241Ia 4500
003 OSt
005 20220923224050.0
006 a|||||r|||| 00| 0
007 ta
008 220922b |||||||| |||| 00| 0 pan d
024 _a224,590
037 _cTextual
040 _aARTS
_cARTS
_bpan
041 _2pan
_apan
082 _aO153,3x, P4
100 _aਸੁਰਿੰਦਰਪਾਲ ਸਿੰਘ, ਥਦ.
245 0 _aਪਰਵਾਸੀ ਪੰਜਾਬੀ ਕਹਾਣੀ
260 _aਅੰਮ੍ਰਿਤਸਰ
_b ਗੁਰੂ ਨਾਨਕ ਦੇਵ ਯੁਨੀਵਰਸਿਟੀ
_c2004
300 _a135ਪੰ
_ccm.
650 _aਪੰਜਾਬੀ ਸਾਹਿਤ
942 _hO153,3x, P4
_cTEXL
_2CC
999 _c368979
_d368979